000 00340nam a2200145Ia 4500
005 20250603145529.0
008 250603s9999 xx 000 0 und d
020 _a9788074650284
050 _aJC 73 .D36/
100 _aDanes, Jaroslav
245 0 _aPolitical aspects of Greek tragedy
260 _c2012
300 _a166 p
942 _cBK
999 _c42130
_d42130